<?xml version="1.0" encoding="UTF-8"?>
<record
    xmlns:xsi="http://www.w3.org/2001/XMLSchema-instance"
    xsi:schemaLocation="http://www.loc.gov/MARC21/slim http://www.loc.gov/standards/marcxml/schema/MARC21slim.xsd"
    xmlns="http://www.loc.gov/MARC21/slim">

  <leader>02317nam a2200265 i 4500</leader>
  <controlfield tag="003">DO-SdBNP</controlfield>
  <controlfield tag="005">20240710135811.0</controlfield>
  <controlfield tag="007">ta</controlfield>
  <controlfield tag="008">240710b2018    xxu           00| 0 spa d</controlfield>
  <datafield tag="020" ind1=" " ind2=" ">
    <subfield code="a">9781250158062</subfield>
  </datafield>
  <datafield tag="040" ind1=" " ind2=" ">
    <subfield code="a">DO-SdBNP</subfield>
    <subfield code="b">spa</subfield>
    <subfield code="c">BNPHU</subfield>
    <subfield code="e">rda</subfield>
  </datafield>
  <datafield tag="082" ind1=" " ind2="4">
    <subfield code="2">22</subfield>
    <subfield code="b">W855</subfield>
  </datafield>
  <datafield tag="100" ind1="1" ind2=" ">
    <subfield code="a">Wolff, Michael</subfield>
    <subfield code="9">10906</subfield>
    <subfield code="e">autor</subfield>
  </datafield>
  <datafield tag="245" ind1="1" ind2="0">
    <subfield code="a">Fire and fury :</subfield>
    <subfield code="b">inside the Trump white house /</subfield>
    <subfield code="c">Michael Wolff</subfield>
  </datafield>
  <datafield tag="264" ind1=" " ind2=" ">
    <subfield code="a">New York, Estados Unidos : </subfield>
    <subfield code="b">Henry Holt and company, </subfield>
    <subfield code="c">2018.</subfield>
  </datafield>
  <datafield tag="300" ind1=" " ind2=" ">
    <subfield code="a">321 p&#xE1;ginas :</subfield>
    <subfield code="c">21 cm.</subfield>
  </datafield>
  <datafield tag="336" ind1=" " ind2=" ">
    <subfield code="2">rdacontent</subfield>
    <subfield code="a">texto</subfield>
    <subfield code="b">txt</subfield>
  </datafield>
  <datafield tag="337" ind1=" " ind2=" ">
    <subfield code="2">rdamedia</subfield>
    <subfield code="a">sin mediaci&#xF3;n</subfield>
    <subfield code="b">nc</subfield>
  </datafield>
  <datafield tag="338" ind1=" " ind2=" ">
    <subfield code="2">rdacarrier</subfield>
    <subfield code="a">volumen</subfield>
    <subfield code="b">nc</subfield>
  </datafield>
  <datafield tag="500" ind1=" " ind2=" ">
    <subfield code="a">Incluye &#xED;ndice.</subfield>
  </datafield>
  <datafield tag="520" ind1=" " ind2=" ">
    <subfield code="a">Con acceso extraordinario al ala oeste, Michael Wolff revela lo que sucedi&#xF3; detr&#xE1;s de escena en los primeros nueve meses de la presidencia m&#xE1;s controvertida de nuestro tiempo en Fuego y Furia: Dentro de la Casa Blanca de Trump.

Desde que Donald Trump prest&#xF3; juramento como el 45&#xBA; presidente de los Estados Unidos, el pa&#xED;s &#x2013;y el mundo&#x2013; ha sido testigo de un mandato presidencial tormentoso, escandaloso y absolutamente fascinante que refleja la volatilidad y la ferocidad del hombre elegido Comandante en Jefe.

Este fascinante y explosivo relato de la administraci&#xF3;n de Trump proporciona una gran cantidad de nuevos detalles sobre el caos en la Oficina Oval, que incluyen:
-- Lo que el personal del presidente Trump realmente piensa de &#xE9;l
-- &#xBF;Qu&#xE9; inspir&#xF3; a Trump a afirmar que el presidente Obama hab&#xED;a intervenido sus tel&#xE9;fonos?
-- Por qu&#xE9; el director del FBI, James Comey, fue realmente despedido
-- Por qu&#xE9; el estratega jefe Steve Bannon y el yerno de Trump, Jared Kushner, no pod&#xED;an estar en la misma habitaci&#xF3;n
-- &#xBF;Qui&#xE9;n dirige realmente la estrategia de la administraci&#xF3;n Trump tras el despido de Bannon?
-- Cu&#xE1;l es el secreto para comunicarse con Trump
-- Lo que la administraci&#xF3;n Trump tiene en com&#xFA;n con la pel&#xED;cula The Producers

Nunca antes en la historia una presidencia hab&#xED;a dividido tanto al pueblo estadounidense. Brillantemente reportado y sorprendentemente fresco, Fuego y furia nos muestra c&#xF3;mo y por qu&#xE9; Donald Trump se ha convertido en el rey de la discordia y la desuni&#xF3;n.
</subfield>
  </datafield>
  <datafield tag="590" ind1=" " ind2=" ">
    <subfield code="a">Inventariado, 2024/ YL</subfield>
  </datafield>
  <datafield tag="910" ind1=" " ind2=" ">
    <subfield code="a">Ylockward</subfield>
  </datafield>
  <datafield tag="942" ind1=" " ind2=" ">
    <subfield code="2">ddc</subfield>
    <subfield code="c">LBS1</subfield>
  </datafield>
  <datafield tag="952" ind1=" " ind2=" ">
    <subfield code="0">0</subfield>
    <subfield code="1">0</subfield>
    <subfield code="2">ddc</subfield>
    <subfield code="5">6</subfield>
    <subfield code="7">0</subfield>
    <subfield code="8">GR</subfield>
    <subfield code="a">BNPHU</subfield>
    <subfield code="b">BNPHU</subfield>
    <subfield code="c">CT</subfield>
    <subfield code="d">2022-04-01</subfield>
    <subfield code="e">Donaci&#xF3;n </subfield>
    <subfield code="l">0</subfield>
    <subfield code="o">W855</subfield>
    <subfield code="p">2024-4321</subfield>
    <subfield code="r">2024-07-10</subfield>
    <subfield code="w">2024-07-10</subfield>
    <subfield code="y">LBS1</subfield>
  </datafield>
  <datafield tag="999" ind1=" " ind2=" ">
    <subfield code="c">57243</subfield>
    <subfield code="d">57243</subfield>
  </datafield>
</record>
